Global politics of health (Record no. 2257)

MARC details
000 -LEADER
fixed length control field 00523nam a22002057a 4500
003 - CONTROL NUMBER IDENTIFIER
control field OSt
005 - DATE AND TIME OF LATEST TRANSACTION
control field 20150912142555.0
008 - FIXED-LENGTH DATA ELEMENTS--GENERAL INFORMATION
fixed length control field 150912b xxu||||| |||| 00| 0 eng d
020 ## - INTERNATIONAL STANDARD BOOK NUMBER
International Standard Book Number 9780745640426
040 ## - CATALOGING SOURCE
Transcribing agency DNLM
082 ## - DEWEY DECIMAL CLASSIFICATION NUMBER
Classification number WA100 D286g 2010
100 ## - MAIN ENTRY--PERSONAL NAME
Personal name Davis, Sara E.
9 (RLIN) 5721
245 ## - TITLE STATEMENT
Title Global politics of health
260 ## - PUBLICATION, DISTRIBUTION, ETC. (IMPRINT)
Place of publication, distribution, etc. UK;
Name of publisher, distributor, etc. Polity,
Date of publication, distribution, etc. 2010
300 ## - PHYSICAL DESCRIPTION
Extent x,243p;
Other physical details ill:
Dimensions 23cm
504 ## - BIBLIOGRAPHY, ETC. NOTE
Bibliography, etc References, & index included
650 ## - SUBJECT ADDED ENTRY--TOPICAL TERM
Topical term or geographic name as entry element Health issue
9 (RLIN) 5722
650 ## - SUBJECT ADDED ENTRY--TOPICAL TERM
Topical term or geographic name as entry element Politics
9 (RLIN) 5723
942 ## - ADDED ENTRY ELEMENTS (KOHA)
Source of classification or shelving scheme Other/Generic Classification Scheme
Koha item type Open Shelf
Holdings
Withdrawn status Lost status Source of classification or shelving scheme Damaged status Not for loan Home library Current library Date acquired Source of acquisition Inventory number Total Checkouts Full call number Barcode Date last seen Koha item type
    Other/Generic Classification Scheme     MUST Main Library MUST Main Library 12/09/2015   13/37190   WA100 D286g 2010 2015-2249 12/09/2015 Open Shelf